000 00528nam a2200193 a 4500
001 17765
003 CO-ViMGA
008 141112s2004 ck r 000 u spa d
020 _a8495040158
040 _aCO-ViMGA
_bspa
_cCO-ViMGA
082 0 4 _aCURc
100 1 _aCurtis, Jamie Lee
_925193
245 1 0 _aCuentame otra vez la noche que nací
260 _aMadríd (España),
_cSerres,
_c2002
300 _a30.p.
590 _aForma de adquisición : Premio - Mincultura
650 1 4 _aCUENTOS INFANTILES
_92743
942 _2ddc
_cBK
999 _c27238
_d27238